| 000 | 00457nam a22001817a 4500 | ||
|---|---|---|---|
| 003 | NUST | ||
| 005 | 20220816173537.0 | ||
| 008 | 220816b ||||| |||| 00| 0 eng d | ||
| 020 | _a9781438076256 | ||
| 038 | _aAzhar | ||
| 082 |
_a428.0076 _bSHA |
||
| 100 | _aSharpe, Pamela J | ||
| 245 |
_aBarron's TOEFL iBT : Internet-based test _cPamela J Sharpe |
||
| 250 | _a15th ed. | ||
| 260 |
_aNew York _bBarron's _c2016 |
||
| 300 | _a847p | ||
| 942 |
_2ddc _cLC |
||
| 999 |
_c591079 _d591079 |
||